1960 1065 1321 1203 1527 1816 1668 1249 1307 1866 1242 1939 1684 1410 1047 1637 1653 1267 1398 1817 1167 1652 1282 1505 1156 1320 1112 1340 1921 1276 1092 1975 1616 1719 1712 1940 1166 1714 1491 1037 1590 1046 1617 1499 1136 1505 1689 1974 1721 1318 1227 1311 1849 1843 1245 1988 1239 1538 1419 1394 1812 1785 1379 1805 1450 1532 1381 1071 1869 1569 1796 1950 1589 1891 1524 1565 1183 1837 1107 1661 1765 1236 1036 1375 1222 1019 1501 1051 1456 1099 1226 1317 1013 1971 1796 1680 1825 1708 1223 BCNSPRNW ULIB Ver.6.0+V

เปลี่ยนเป็นภาษาไทย

Change to English
 แสดงรายละเอียดบรรณานุกรม
  กลับหน้าหลัก

Brief Record : Get Marc (ISO 2709) : E-mail record : QR code < ปิดหน้าต่าง
LEADER : 00000nam 2200000uu 4500
001    13399120339
003     ULIB
008    120918s2547||||th 000 0 tha d
020    ^a9746573347
060 04 ^aWY157.6^bม293ก 2547
100 0  ^aมรรยาท ณ นคร
245 10 ^aการพยาบาลผู้ป่วยกระดูกหักที่ได้รับการยึดตรึงด้วยวัสดุภายในร่างกาย /^cมรรยาท ณ นคร
250    ^aพิมพ์ครั้งที่ 2
260    ^aเชียงใหม่ :^bโครงการตำรา คณะพยาบาลศาสตร์มหาวิทยาลัยเชียงใหม่,^c2547
300    ^aก-ณ, 138 หน้า :^bภาพประกอบ ;^c27 ซม.
650  7 ^aการตรึงกระดูกหัก
650  7 ^aกระดูกหัก^xการพยาบาล
650  7 ^aกระดูกหักแบบเปิด
650  7 ^aการพยาบาลออร์โธปิดิคส์
710 2  ^aมหาวิทยาลัยเชียงใหม่. ^bคณะพยาบาลศาสตร์
945    ^p185^l0^i13859
995    ^aวิภา
999    ^aใช้งานได้ทุกระบบ
รายการนี้ยังไม่มีแท็ก
คุณยังไม่ได้ล็อกอิน คุณสามารถมีกิจกรรมร่วมกับเว็บไซต์ได้ แต่ต้องล็อกอินก่อน ::
  ล็อกอิน

รายการสื่อสารสนเทศ

ลำดับที่ ประเภท เลขเรียก/บาร์โค้ด สถานที่ สถานะ
1. วิทยาศาสตร์การแพทย์ และสุขภาพ
วิทยาศาสตร์การแพทย์ และสุขภาพ
WY157.6 ม293ก 2547  
  Barcode: 13859
ห้องสมุดวิทยาเขตสวรรค์ประชารักษ์
►หนังสือทั่วไป
ถูกยืม กำหนดส่งวันที่ 11 พฤษภาคม 2558
  จอง

รายการใกล้เคียง
    ผู้แต่ง [มรรยาท ณ นคร]

    หัวเรื่อง [การตรึงกระดูกหัก]
    หัวเรื่อง [กระดูกหักแบบเปิด]
    หัวเรื่อง [การพยาบาลออร์โธปิดิคส์]

BibComment


ยังไม่เคยถูกคอมเมนท์

คอมเมนท์ทรัพยากรรายการนี้
  คอมเมนท์: การพยาบาลผู้ป่วย..


 Copyright 2026. Bcnsprnw @Library